000 01576nam0a2200337 4500
001 RU\NLR\bibl\1325591
005 20260405183712.0
021 _aRU
_b2008-95762
_95613
035 _a(NLR Aleph) 001310897
090 _a678819
_c678819
100 _a20090205d2008 |||y0rusy50 ca
101 0 _arus
_deng
102 _aRU
105 _aa |||||||||
200 1 _aВозможность исследования бета-распада Ca-48 в спектрометре TGV-2
_fА.М. Бакаляров, С.В. Жуков, В.И. Лебедев
210 _aМосква
_cРоссийский научный центр "Курчатовский институт"
_d2008
215 _a12 с.
_cил.
_d22
225 1 _aПрепринт
_fРос. науч. центр "Курчат. ин-т"
_vИАЭ-6540/2
300 _aРез. на англ. яз.
320 _aБиблиогр.: с. 5 (13 назв.)
606 1 _aTGV-2, спектрометры ядерных частиц
_92401348
_3RU\NLR\auth\661431390
606 1 _aКальций
_xИзотопы
_xБета-распад
_92567031
_3RU\NLR\auth\661518186
686 _aВ383.22
700 1 _aБакаляров
_bА. М.
_4070
701 1 _4070
_8rus
_7ca
_aЖуков
_bС. В.
_cфизик-ядерщик
_3RU\NLR\AUTH\7780277
_963205
701 1 _4070
_8rus
_7ca
_aЛебедев
_bВ. И.
_cд-р физ.-мат. наук
_f1930-
_gВячеслав Иванович
_3RU\NLR\auth\7731559
_914569
801 0 _aRU
_bNLR
_c20090205
_gRCR
801 1 _aRU
_bNLR
_c20090205
942 _cBOOK
980 _aNB